000 00278nam a22001217a 4500
008 170524b xxu||||| |||| 00| 0 eng d
041 _aeng
080 _a61
100 _a26
101 _aIM
245 _aHANDBOOK APPLIED ENGINEERING SCIENCE
_cWEAST.R.C
942 _2udc
_cBK
999 _c13967
_d13967